000 00751nam0a22002651 4500
001 RU\NLR\INFOCOMM10\ROSSICA\1000019008
005 20250613190537.0
035 _a(NLR Aleph) 009913562
090 _a10630152
_c10630152
100 _a20030902d1916 |||y0rusy50 ca
101 0 _apol
102 _aRU
105 _ay ||||000ay
200 1 _aPodstawy ogólnej teoryi mnogości
_hI
_fStan.Leśniewski
210 _aMoskwa
_d1916
215 _d
225 1 _aPrace polskiego koła naukowego w Moskwie
_iSekcya matematyczno-przydnicza
_v2
700 1 _aLeśniewski
_bS.
_gStan.
_4070
801 1 _aRU
_bInfoComm
_c20030902
801 0 _aRU
_bNLR
_gPSBO
852 _aNLR
_j21.10.2.13²
942 _cBOOK
980 _aNB
980 _aRossica